000 00706nam a2200193 i 4500
001 74634
003 ES-MaACL
005 20230906172210.0
007 t|
008 040920s1947 sp ||||1| spa d
100 1 _aGonzález-Rothvoss y Gil, Mariano.
_958932
245 1 0 _aLeyes y realizaciones portuguesas :
_bel derecho del trabajo /
_cpor Mariano González-Rothvoos y Gil.
260 _aMadrid :
_b[Escuela Social de Madrid],
_c1947 (
_fF. Domenech)
300 _a75 p. :
_bil. ;
_c22 cm.
594 _aPrecede al tít.: Ministerio de Trabajo. Escuela Social de Madrid.
650 4 _aDerecho laboral-
_zPortugal.
_9173592
710 2 _aEscuela Social de Madrid.
_93593
852 _aES-MaACL
_j1864-F-22
999 _c74634
_d74634